000 00746nam a2200241Ia 4500
003 OSt
005 20221005112803.0
006 a|||||r|||| 00| 0
007 ta
008 221004b |||||||| |||| 00| 0 pan d
020 _c100
024 _a95250
037 _b72868, 31/12/2008, Arsee Publishers
_cTextual
040 _aCRL
_cCRL
_bpan
041 _2pan
_apan
082 _aU8.2, 153N7
100 _aਅਟਵਾਲ, ਹਰਜੀਤ
245 0 _aਫੋਕਸ
260 _aਦਿੱਲੀ
_bਆਰਸੀ ਪਬਲਿਰਗ਼ ਭਾਰਤ
_c1997
300 _a120ਪੰ
_ccm.
942 _hU8.2, 153N7
_cTEXL
_2cc
999 _c1025965
_d1025965